| 000 | 00875nam a22002417a 4500 | ||
|---|---|---|---|
| 999 |
_c7253 _d7253 |
||
| 003 | OSt | ||
| 005 | 20191017141232.0 | ||
| 008 | 191017e2019----spc 000 e spa|d | ||
| 017 |
_aDL B. 17029-2019 _bBiblioteca de Catalunya |
||
| 020 | _a9788498094435 | ||
| 040 |
_aES-BaICIP _bcat _cCDMR |
||
| 100 | 1 |
_aÀlvaro, Francesc-Marc, _d1967- _eautor |
|
| 245 | 1 | 0 |
_aAssaig general d'una revolta _b: les claus del procès català / _cFrancesc-Marc Álvaro |
| 260 |
_aBarcelona : _bPòrtic, _c2019 |
||
| 300 |
_a311 p. ; _c22 cm |
||
| 650 | 0 | 7 |
_aNacionalisme _zCatalunya _2lemac |
| 650 | 4 |
_aIndependència _zCatalunya _xHistòria _yS. XXI _2lemac |
|
| 650 | 7 |
_aEspanya _xRelacions _zCatalunya _2lemac |
|
| 650 | 7 |
_aCatalunya _xRelacions _zEspanya _2lemac |
|
| 651 | 7 |
_aEspanya _xPolítica i govern _yS. XXI _2lemac |
|
| 651 | 7 |
_aCatalunya _xPolítica i govern _yS. XXI _2lemac |
|
| 942 |
_cMON _2udc |
||